Indiquez la profession des parents ! 7 - Statistiques

Statistiques générales
  • Ce quiz a été pris 10 fois
  • Le résultat moyen est 2 sur 20
Statistiques - réponses
Hint Réponse % Correct
Anthony Delon Acteurs
44%
Romain Duris Architecte / Coloriste
44%
Patrick Dewaere Chanteur lyrique / Comédienne
33%
François Cluzet Commerçants
22%
Marius Colucci Humoriste
22%
Pierre Dac Boucher
11%
Franck Dubosc Déclarant en douane / Fonctionnaire en mairie
11%
Alain Delon Directeur de cinéma / Employée de pharmacie
11%
Albert Dieudonné Doreur sur bois
11%
Clovis Cornillac Metteur en scène / Actrice
11%
Jacques Dujardin Serrurier
11%
Gérard Depardieu Tôlier
11%
François-Xavier Demaison Avocats
0%
Jean-Pierre Darroussin Etameur
0%
Bruno Cremer Homme d'affaire / Musicienne
0%
Jean-Pierre Darras Industriel
0%
Darry Cowl Médecin
0%
André Dussollier Percepteurs
0%
Jacques Dufilho Pharmacien
0%
Gérard Darmon Représentant en vin
0%
Aucun quiz correspondant
Distribution des résultats
% des personnes avec chaque résultat
Percentile par nombre de réponses
Votre historique - résultats
Vous n’avez pas pris ce quiz